| 000 -LEADER |
| fixed length control field |
00508cam a22001457a 4500 |
| 008 - FIXED-LENGTH DATA ELEMENTS--GENERAL INFORMATION |
| fixed length control field |
180718b1960 xxu||||| |||| 00| 0 eng d |
| 082 ## - DEWEY DECIMAL CLASSIFICATION NUMBER |
| Classification number |
A6x5691 Z35 |
| 100 ## - MAIN ENTRY--PERSONAL NAME |
| Personal name |
Zeine, Zeine N. |
| 245 ## - TITLE STATEMENT |
| Title |
Struggle for Arab independence. |
| Statement of responsibility, etc. |
by Zeine N. Zeine |
| 260 ## - PUBLICATION, DISTRIBUTION, ETC. |
| Place of publication, distribution, etc. |
Beirut |
| Name of publisher, distributor, etc. |
Khayat's |
| Date of publication, distribution, etc. |
1960 |
| 300 ## - PHYSICAL DESCRIPTION |
| Extent |
xiii, 297p |
| 650 ## - SUBJECT ADDED ENTRY--TOPICAL TERM |
| Topical term or geographic name entry element |
Middle East -Politics and government. |
| 650 ## - SUBJECT ADDED ENTRY--TOPICAL TERM |
| Topical term or geographic name entry element |
France -Foreign relations -Middle East |
| 650 ## - SUBJECT ADDED ENTRY--TOPICAL TERM |
| Topical term or geographic name entry element |
Syria -History. [from old catalog] Great Britain -Foreign relations -Middle East |